000 00307 a2200157 4500
001 158526
020 _a
040 _cMagnum
100 _aAlmeida, Zelia
240 1 0 _aJornal do egito
_lpor
245 1 0 _aJornal do egito
362 0 _a1899
440 1 _aDimensão
697 _aCOLECAO
942 _cBK
999 _c158526
_d158526